Radiology of the chest / (Record no. 5259)

000 -LEADER
fixed length control field 00895cam a2200289 i 4500
001 - CONTROL NUMBER
control field 392881
003 - CONTROL NUMBER IDENTIFIER
control field OSt
005 - DATE AND TIME OF LATEST TRANSACTION
control field 20220406072807.0
008 - FIXED-LENGTH DATA ELEMENTS--GENERAL INFORMATION
fixed length control field 791126s1980 mdua b 001 0 eng
010 ## - LIBRARY OF CONGRESS CONTROL NUMBER
LC control number 79025778
020 ## - INTERNATIONAL STANDARD BOOK NUMBER
International Standard Book Number 0683071033
040 ## - CATALOGING SOURCE
Original cataloging agency DLC
Transcribing agency DLC
Modifying agency DLC
050 00 - LIBRARY OF CONGRESS CALL NUMBER
Classification number RC78
Item number .R33 1980
Classification number RC941
082 00 - DEWEY DECIMAL CLASSIFICATION NUMBER
Classification number 616.07/572/08 s
-- 617/.54/07572
100 1# - MAIN ENTRY--PERSONAL NAME
Personal name Rabin, Coleman B.,
Dates associated with a name 1900-1991.
245 10 - TITLE STATEMENT
Title Radiology of the chest /
Statement of responsibility, etc. Coleman B. Rabin, Murray G. Baron.
250 ## - EDITION STATEMENT
Edition statement 2d ed.
260 ## - PUBLICATION, DISTRIBUTION, ETC.
Place of publication, distribution, etc. Baltimore :
Name of publisher, distributor, etc. Williams & Wilkins,
Date of publication, distribution, etc. c1980.
300 ## - PHYSICAL DESCRIPTION
Extent x, 764 p. :
Other physical details ill. ;
Dimensions 28 cm.
440 #0 - SERIES STATEMENT/ADDED ENTRY--TITLE
Title Golden's diagnostic radiology ;
Volume/sequential designation section 3
500 ## - GENERAL NOTE
General note p.725-752.
504 ## - BIBLIOGRAPHY, ETC. NOTE
Bibliography, etc. note Includes bibliography and index.
650 #0 - SUBJECT ADDED ENTRY--TOPICAL TERM
Topical term or geographic name entry element Chest
General subdivision Radiography.
700 1# - ADDED ENTRY--PERSONAL NAME
Personal name Baron, Murray G.,
Relator term joint author.
906 ## - LOCAL DATA ELEMENT F, LDF (RLIN)
a 7
b cbc
c orignew
d 1
e ocip
f 19
g y-gencatlg
942 ## - ADDED ENTRY ELEMENTS (KOHA)
Source of classification or shelving scheme
Koha item type Book
Suppress in OPAC CM
Holdings
Withdrawn status Lost status Source of classification or shelving scheme Damaged status Not for loan Permanent Location Current Location Shelving location Date acquired Source of acquisition Total Checkouts Full call number Barcode Date last seen Price effective from Koha item type Public note
          AU LIBRARY AU LIBRARY Open Shelf 06.04.2022 DONATION FROM MOI UNIVERSITY   RC78 .R33 1980 28011870 06.04.2022 06.04.2022 Book CM

Powered by Koha